00576 2200229 4500001002100000005001500021035002000036008004100056245004700097100001000144250001000154260003700164300002900201020002200230084002000252082001400272650002000286990001000306990001000316990001000326990001000336INLIS00000000001204620260424105653 a0010-0426000017260424 g 1 ind 1 aSeandainya aku bisa menanam angin /cFawaz aFawaz aCet.3 aYogyakarta :bMojok Group,c2019 axiv, 196 hlm ;c13x19 cm a978-602-1318-95-9 a899.221 3 FAW s a899.221 3 4aFiksi Indonesia a58259 a58260 a58261 a58262